Loreto College Library, Kolkata
WEBOPAC (ONLINE PUBLIC ACCESS CATALOGUE)

Abusrd drama (Record no. 6618)

MARC details
000 -LEADER
fixed length control field 00659nam a2200205Ia 4500
005 - DATE AND TIME OF LATEST TRANSACTION
control field 20221215104745.0
008 - FIXED-LENGTH DATA ELEMENTS--GENERAL INFORMATION
fixed length control field 131103s9999 xx 000 0 und d
040 ## - CATALOGING SOURCE
Original cataloging agency Loreto College
041 ## - LANGUAGE CODE
Language code English
082 ## - DDC | ডিউই
Classification number | বর্গসংখ্যা 822.08
Book Number | গ্রন্থাঙ্ক ESS
245 ## - TITLE STATEMENT | অাখ্যা বিবরণী
Title | অাখ্যা Abusrd drama
Statement of responsibility | লেখকের দায়িত্বের বিবরণ with an introduction by Martin Esslin
260 ## - IMPRINT | প্রকাশনা ক্ষেত্র
Place of publication | প্রকাশ স্থান Harmondsworth
Name of publisher | প্রকাশকের নাম Penguin Books
Date of publication | প্রকাশ কাল 1962
300 ## - PHYSICAL DESCRIPTION |
Page / Vol. No | পৃষ্ঠা / খন্ড সংখ্যা 191 p.
504 ## - BIBLIOGRAPHY, ETC. NOTE
Bibliography, etc Amedd or how to get rid of it/Eugene Ionesco- Professor Taranne/Arthur Adamov- The Two executioners/Ferando Arrabal- The Zoo story/Edward Albee
650 ## - SUBJECT ADDED ENTRY--TOPICAL TERM | বিষয় শিরোনাম - মূল বিষয়
Topical term | মূল বিষয় English Drama
651 ## - SUBJECT ADDED ENTRY--GEOGRAPHIC NAME | বিষয় শিরোনাম - ভৌগলিক নাম
Geographic name | ভৌগলিক বিষয় Drama - Collection
700 ## - ADDED ENTRY--PERSONAL NAME | অতিরিক্ত সংলেখ - ব্
Personal name | ব্যাক্তিনাম Esslin, Martin
850 ## - HOLDING INSTITUTION
Holding institution LCLIB
942 ## - ADDED ENTRY ELEMENTS (KOHA)
Koha item type Books
Holdings
Withdrawn status Lost status Source of classification Damaged status Not for loan Home library Current library Date acquired Total Checkouts Full call number Accession No. Date last seen Price effective from Koha item type Coded location qualifier
    Dewey Decimal Classification     Loreto College Loreto College 04/11/2013   822.08 ESS 13259 B6488 04/11/2013 04/11/2013 Books